000 00866nam a22002657a 4500
001 BR7700369
003 BR-BrBNA
005 20230928085148.0
007 ta
008 230509b bl.||||| |||| 00| 0 por d
040 _aBR-BrBNA
_bpor
_cBiblioteca Nacional de Agricultura
041 _a(Por)
072 _aE70
_b/G514
090 _ E70 BR7700369
110 1 _aSuperintendencia do Desenvolvimento do Nordeste, Natal, RN (Brasil);
_910132
110 1 _aSecretaria da Agricultura, Natal, RN (Brasil)
_98477
245 1 _aComercializacao, consumo de produtos horti-granjeiros na cidade de Natal, Brasil
260 3 _aNatal, RN (Brasil):
_c1976.
300 _a41 p.
500 _aNumerical data. (*) Documento disponível na(o) EMBRATER, Brasilia, DF (Brazil)
650 _aPRECO
650 _aCONSUMO
909 _a202309
_bLucia
_c55
_dLucia Elande
942 _cBK
999 _c23081
_d23081